Workshop technology part 3 s i units (Record no. 347009)
[ view plain ]
| 000 -LEADER | |
|---|---|
| fixed length control field | 003740000a22001450004500 |
| 060 ## - NATIONAL LIBRARY OF MEDICINE CALL NUMBER | |
| Classification number | 100 |
| 082 ## - DEWEY DECIMAL CLASSIFICATION NUMBER | |
| Classification number | 621.9 CHA 03 |
| 100 ## - MAIN ENTRY--PERSONAL NAME | |
| Personal name | Chapman, W A J |
| 245 ## - TITLE STATEMENT | |
| Title | Workshop technology part 3 s i units |
| 260 ## - PUBLICATION, DISTRIBUTION, ETC. (IMPRINT) | |
| Place of publication, distribution, etc. | Newdelhi, Oxford & IBH publishing co. pvt. ltd |
| 260 ## - PUBLICATION, DISTRIBUTION, ETC. (IMPRINT) | |
| Date of publication, distribution, etc. | 1975 |
| 300 ## - PHYSICAL DESCRIPTION | |
| Extent | 675 |
| 650 ## - SUBJECT ADDED ENTRY--TOPICAL TERM | |
| Topical term or geographic name as entry element | Workshop technology/ mechanical engineering |
| 942 ## - ADDED ENTRY ELEMENTS (KOHA) | |
| Koha item type | Books (General) |
| Withdrawn status | Lost status | Damaged status | Not for loan | Collection code | Home library | Current library | Shelving location | Date acquired | Total Checkouts | Full call number | Barcode | Date last seen | Price effective from | Koha item type |
|---|---|---|---|---|---|---|---|---|---|---|---|---|---|---|
| Malayalam | College of Agriculture, Vellayani | College of Agriculture, Vellayani | 02/05/2014 | 621.9 CHA 03 | KAU_COAV-23746 | 02/05/2014 | 12/05/2022 | Books (General) | ||||||
| Malayalam | College of Agriculture, Vellayani | College of Agriculture, Vellayani | 11/10/2019 | 621.9 CHA 03 | KAU_COAV-23747 | 11/10/2019 | 11/10/2019 | Books (General) |
